00381nam a22001217a 4500003000400000082001600004100003700020245013600057260003500193300000700228650001600235653000800251SGT a617.3bC23P aPRAKASHCHANDRA, PINDARIA KULDEEP aComparison of results of intraarticular platelet rich plasma injection vs corticosteroid injection in osteoarthritis of knee joints aGURUGRAMbSGT UNIVERSITYc2023 a76 aORTHOPAEDIC aM.S